Indian fiction in english translation / (Record no. 164410)

MARC details
000 -LEADER
fixed length control field 00517nam a22001697a 4500
005 - DATE AND TIME OF LATEST TRANSACTION
control field 20190517165805.0
010 ## - LCCN (DPL NO)
LC control number B-161102
020 ## - INTERNATIONAL STANDARD BOOK NUMBER
International Standard Book Number 812690450-X
Terms of availability 350.00
035 ## - SYSTEM CONTROL NUMBER
System control number B-161102
037 ## - SOURCE OF ACQUISITION
Source of stock number/acquisition Atlantic Publishers {And} Distributors
082 ## - DEWEY DECIMAL CLASSIFICATION NUMBER
Classification number 883.08
100 ## - MAIN ENTRY--PERSONAL NAME
Personal name Tiwari, Shubha.
245 ## - TITLE STATEMENT
Title Indian fiction in english translation /
Statement of responsibility, etc Shubha Tiwari.
260 ## - PUBLICATION, DISTRIBUTION, ETC. (IMPRINT)
Place of publication, distribution, etc New Delhi
Name of publisher, distributor, etc Atlantic Publishers {And} Distributors
Date of publication, distribution, etc 2005
300 ## - PHYSICAL DESCRIPTION
Extent 148p
Dimensions 22cm (hbk)
942 ## - ADDED ENTRY ELEMENTS (KOHA)
Source of classification or shelving scheme Dewey Decimal Classification
Item type English Books
Classification part 883.08
Call number suffix IND
Holdings
Withdrawn status Lost status Not for loan Collection code Home library Current library Date acquired Full call number Barcode Koha item type
      Non-fiction Sarojini Nagar Sarojini Nagar 17/05/2019 883.08 IND B-161102 English Books

© Delhi Public Library
Hit Counter
free hit counter